Movie by Spoiler II Quiz Stats

 Plays Quiz Updated Apr 17, 2013

Also try: Movie by Spoiler
Challenge
Share
Tweet
Embed
Score 0/45 Timer 10:00
2 Plays Today
% Correct
Star Trek II: The Wrath of Khan
91.1%
Jaws
89.9%
Titanic
87.8%
Braveheart
85.8%
Gone with the Wind
85.1%
Marley and Me
83%
Troy
82.7%
The Shawshank Redemption
82.2%
The Exorcist
79.4%
Alien3
77.8%
Harry Potter and the Half-Blood Prince
77.7%
To Kill a Mockingbird
74.7%
V for Vendetta
73.1%
Harry Potter and the Order of the Phoenix
68.9%
Groundhog Day
68%
Love Story
61.2%
Goodfellas
59.9%
Scarface
58.8%
Mystic River
57.7%
On the Waterfront
57.3%
Donnie Darko
56.3%
Sin City
55.6%
The Shining
55.3%
% Correct
Treasure of the Sierra Madre
55.2%
Annie Hall
54.9%
All About Eve
54.8%
The Graduate
54.6%
Midnight Cowboy
48.7%
The Man Who Would Be King
48.2%
Pan's Labyrinth
45.5%
There Will Be Blood
45.3%
Taxi Driver
44.6%
No Country for Old Men
43.7%
Twilight Zone: The Movie
43.6%
Apocalypse Now
42.1%
Atonement
40%
The Bridge on the River Kwai
39.1%
The Day of the Jackal
38.1%
L.A. Confidential
37.8%
Hide and Seek
36.2%
The Good, the Bad, and the Ugly
35.8%
All Quiet on the Western Front
32.6%
Stalag 17
31.1%
The Cabin in the Woods
30.2%
Z
11%

You're not logged in!

Compare scores with friends on all Sporcle quizzes.
Join for Free
OR
Log In

You Might Also Like...

Show Comments

Extras

Top Quizzes Today


Score Distribution

Your Account Isn't Verified!

In order to create a playlist on Sporcle, you need to verify the email address you used during registration. Go to your Sporcle Settings to finish the process.

Report this User

Report this user for behavior that violates our Community Guidelines.

Details: